Capitals A-Z #3 - Statistics

General Stats
  • This quiz has been taken 65 times
  • The average score is 16 of 26
Answer Stats
Hint Answer % Correct
B China Beijing
98%
M Spain Madrid
98%
V Veneto, Italy Venice
92%
C Wales Cardiff
90%
N Kenya Nairobi
90%
R Iceland Reykjavík
89%
T Province of Canada (1849-1852 and 1856–1858) Toronto
84%
S Russia (1732–1918) Saint Petersburg
82%
D Qatar Doha
79%
J Gauteng, South Africa Johannesburg
77%
O O____ Prefecture, Japan Osaka
75%
F Morocco (1244-1554) Fez
74%
P Sicily, Italy Palermo
74%
I Tyrol, Austria Innsbruck
72%
L Punjab, Pakistan Lahore
72%
Y Armenia Yerevan
69%
W Namibia Windhoek
62%
K Uganda Kampala
57%
H Connecticut, USA Hartford
54%
U U_____ County, Sweden Uppsala
44%
G East Flanders, Belgium Ghent
34%
E Thuringia, Germany Erfurt
15%
Q Balochistan, Pakistan Quetta
11%
X Veracruz, Mexico Xalapa
8%
A Seleucid Empire (240 BC - 64 BC) Antioch
7%
Z Z____ Province, Iran Zanjan
2%
No matching quizzes found
Score Distribution
Percent of People with Each Score
Percentile by Number Answered
Your Score History
You have not taken this quiz